Statistics for Every City in Anhui

Click here to take the quiz!

General Stats

  • This quiz has been taken 18 times
  • The average score is 12 of 16

Answer Stats

CodePopulationAnswer% Correct
H4,156,000Anqing
86%
C3,309,000Bengbu
86%
A12,344,000Hefei
86%
F1,950,000Huaibei
86%
D3,027,000Huainan
86%
K8,141,000Fuyang
71%
J1,323,000Huangshan
71%
N4,379,000Lu'an
71%
E2,186,000Ma'anshan
71%
L5,300,000Suzhou
71%
B3,731,000Wuhu
71%
P2,495,000Xuancheng
71%
S4,960,000Bozhou
57%
R1,328,000Chizhou
57%
M4,050,000Chuzhou
57%
G1,301,000Tongling
57%

Score Distribution

Percentile by Number Answered

Percent of People with Each Score

Your Score History

You have not taken this quiz